[Event "45th FIDE Chess Olympiad Open"]
[Site "Budapest, Hungary"]
[Date "2024.09.22"]
[Round "11"]
[White "Ayyad, Husain"]
[Black "Mesfin, Leykun"]
[Result "0-1"]
[Board "261"]
[WhiteFideId "11200243"]
[BlackFideId "15700097"]
[WhiteTitle "FM"]
[BlackTitle "FM"]
[WhiteElo "2129"]
[BlackElo "2118"]
[WhiteTeam "Bahrain"]
[BlackTeam "Ethiopia"]
[WhiteClock "0:28:03"]
[BlackClock "0:32:53"]
[Variant "Standard"]

1. e4 {[%clk 1:30:58]}  c5 {[%clk 1:30:23]} 2. Nf3 {[%clk 1:31:26]}  e6 {[%clk 1:30:42]} 3. d4 {[%clk 1:31:52]}  cxd4 {[%clk 1:30:26]} 4. Nxd4 {[%clk 1:32:19]}  Nf6 {[%clk 1:29:51]} 5. Bd3 {[%clk 1:32:44]}  e5 {[%clk 1:27:52]} 6. Nf3 {[%clk 1:32:33]}  Nc6 {[%clk 1:28:11]} 7. O-O {[%clk 1:32:54]}  Be7 {[%clk 1:27:17]} 8. c4 {[%clk 1:31:01]}  O-O {[%clk 1:26:15]} 9. Nc3 {[%clk 1:31:27]}  d6 {[%clk 1:25:47]} 10. h3 {[%clk 1:31:55]}  Be6 {[%clk 1:23:11]} 11. Be3 {[%clk 1:28:05]}  Nd7 {[%clk 1:23:03]} 12. Nd5 {[%clk 1:17:18]}  Nc5 {[%clk 1:10:01]} 13. Bc2 {[%clk 1:16:07]}  a5 {[%clk 1:04:46]} 14. Bxc5 {[%clk 1:09:35]}  dxc5 {[%clk 1:04:48]} 15. Ba4 {[%clk 1:09:21]}  Bd6 {[%clk 0:57:09]} 16. Qe2 {[%clk 0:59:06]}  Nd4 {[%clk 0:54:35]} 17. Nxd4 {[%clk 0:59:25]}  cxd4 {[%clk 0:54:53]} 18. Rac1 {[%clk 0:59:18]}  Bc5 {[%clk 0:54:35]} 19. Rfd1 {[%clk 0:58:04]}  Qg5 {[%clk 0:53:18]} 20. Kh2 {[%clk 0:52:34]}  Rac8 {[%clk 0:48:07]} 21. Bc2 {[%clk 0:50:07]}  Rc6 {[%clk 0:41:06]} 22. a3 {[%clk 0:44:40]}  f5 {[%clk 0:25:49]} 23. exf5 {[%clk 0:21:27]}  Bxf5 {[%clk 0:26:02]} 24. Bxf5 {[%clk 0:21:09]}  Rxf5 {[%clk 0:26:11]} 25. Rc2 {[%clk 0:19:58]}  Rg6 {[%clk 0:23:46]} 26. Qe4 {[%clk 0:14:52]}  d3 {[%clk 0:18:05]} 27. Rxd3 {[%clk 0:15:01]}  Rxf2 {[%clk 0:18:27]} 28. Rxf2 {[%clk 0:14:04]}  Bxf2 {[%clk 0:18:21]} 29. g4 {[%clk 0:11:25]}  Bh4 {[%clk 0:11:59]} 30. b4 {[%clk 0:05:55]}  axb4 {[%clk 0:10:31]} 31. axb4 {[%clk 0:06:24]}  Ra6 {[%clk 0:09:25]} 32. Nc3 {[%clk 0:04:28]}  Qf4+ {[%clk 0:08:17]} 33. Qxf4 {[%clk 0:04:43]}  exf4 {[%clk 0:08:44]} 34. Kg2 {[%clk 0:03:59]}  Ra3 {[%clk 0:07:54]} 35. Kf3 {[%clk 0:02:27]}  Bf6 {[%clk 0:08:05]} 36. Kxf4 {[%clk 0:02:42]}  Rxc3 {[%clk 0:08:09]} 37. Rxc3 {[%clk 0:02:46]}  Bxc3 {[%clk 0:08:37]} 38. b5 {[%clk 0:03:02]}  Kf7 {[%clk 0:08:00]} 39. c5 {[%clk 0:03:16]}  Ke6 {[%clk 0:08:17]} 40. h4 {[%clk 0:01:24]}  Bd4 {[%clk 0:07:12]} 41. c6 {[%clk 0:01:39]}  bxc6 {[%clk 0:07:20]} 42. bxc6 {[%clk 0:02:04]}  Be5+ {[%clk 0:07:34]} 43. Kg5 {[%clk 0:01:46]}  Bc7 {[%clk 0:05:16]} 44. h5 {[%clk 0:28:03]}  Ke5 {[%clk 0:32:53]} 0-1

[Event "45th FIDE Chess Olympiad Open"]
[Site "Budapest, Hungary"]
[Date "2024.09.22"]
[Round "11"]
[White "Tsige, Addisalem Temesgen"]
[Black "Monther, Alfardan"]
[Result "1-0"]
[Board "262"]
[WhiteFideId "15700160"]
[BlackFideId "11204265"]
[WhiteElo "2068"]
[BlackElo "1834"]
[WhiteTeam "Ethiopia"]
[BlackTeam "Bahrain"]
[WhiteClock "1:11:59"]
[BlackClock "0:09:00"]
[Variant "Standard"]

1. d4 {[%clk 1:30:58]}  d5 {[%clk 1:30:54]} 2. Bf4 {[%clk 1:31:25]}  Nf6 {[%clk 1:31:02]} 3. e3 {[%clk 1:31:30]}  e6 {[%clk 1:31:11]} 4. Nd2 {[%clk 1:31:49]}  Bd6 {[%clk 1:31:29]} 5. Ngf3 {[%clk 1:31:44]}  O-O {[%clk 1:31:02]} 6. Bd3 {[%clk 1:31:59]}  c5 {[%clk 1:31:15]} 7. c3 {[%clk 1:32:17]}  Bxf4 {[%clk 1:28:15]} 8. exf4 {[%clk 1:32:23]}  cxd4 {[%clk 1:28:28]} 9. Nxd4 {[%clk 1:32:42]}  Qc7 {[%clk 1:25:26]} 10. g3 {[%clk 1:32:54]}  Nc6 {[%clk 1:24:28]} 11. N2f3 {[%clk 1:32:49]}  e5 {[%clk 1:13:09]} 12. Nxc6 {[%clk 1:26:45]}  e4 {[%clk 1:13:38]} 13. Nce5 {[%clk 1:26:43]}  exd3 {[%clk 1:05:27]} 14. Qxd3 {[%clk 1:26:59]}  g6 {[%clk 1:05:18]} 15. Nd4 {[%clk 1:26:05]}  a6 {[%clk 0:58:56]} 16. O-O {[%clk 1:24:50]}  Qb6 {[%clk 0:54:40]} 17. Qd2 {[%clk 1:24:27]}  Ne4 {[%clk 0:54:00]} 18. Qe2 {[%clk 1:23:33]}  Re8 {[%clk 0:53:57]} 19. Qc2 {[%clk 1:22:49]}  Bh3 {[%clk 0:51:53]} 20. Rfe1 {[%clk 1:22:15]}  Rac8 {[%clk 0:52:12]} 21. Qb3 {[%clk 1:22:17]}  Qxb3 {[%clk 0:40:11]} 22. axb3 {[%clk 1:22:27]}  Re7 {[%clk 0:39:36]} 23. f3 {[%clk 1:21:59]}  Nf6 {[%clk 0:35:30]} 24. Kf2 {[%clk 1:21:25]}  Rce8 {[%clk 0:34:37]} 25. Nd3 {[%clk 1:19:05]}  Rxe1 {[%clk 0:34:03]} 26. Nxe1 {[%clk 1:18:37]}  h5 {[%clk 0:30:47]} 27. Nd3 {[%clk 1:18:49]}  Nd7 {[%clk 0:30:00]} 28. Rg1 {[%clk 1:18:28]}  Be6 {[%clk 0:29:05]} 29. Re1 {[%clk 1:18:14]}  Nf6 {[%clk 0:23:56]} 30. Nxe6 {[%clk 1:17:03]}  fxe6 {[%clk 0:20:08]} 31. Nc5 {[%clk 1:17:22]}  Kf7 {[%clk 0:19:55]} 32. Nxb7 {[%clk 1:17:32]}  Rb8 {[%clk 0:17:55]} 33. Nc5 {[%clk 1:18:01]}  Rb6 {[%clk 0:18:12]} 34. b4 {[%clk 1:18:14]}  Ke7 {[%clk 0:17:51]} 35. Ra1 {[%clk 1:18:32]}  Nd7 {[%clk 0:16:34]} 36. Nxa6 {[%clk 1:18:11]}  d4 {[%clk 0:16:31]} 37. c4 {[%clk 1:18:17]}  e5 {[%clk 0:16:24]} 38. c5 {[%clk 1:18:26]}  Re6 {[%clk 0:14:31]} 39. b5 {[%clk 1:17:11]}  exf4 {[%clk 0:14:24]} 40. gxf4 {[%clk 1:16:02]}  d3 {[%clk 0:10:50]} 41. Re1 {[%clk 1:15:41]}  d2 {[%clk 0:10:49]} 42. Rxe6+ {[%clk 1:15:50]}  Kxe6 {[%clk 0:11:09]} 43. Ke2 {[%clk 1:16:05]}  Kd5 {[%clk 0:11:09]} 44. Kxd2 {[%clk 1:16:05]}  Kc4 {[%clk 0:08:45]} 45. c6 {[%clk 1:15:44]}  Nb6 {[%clk 0:09:00]} 46. Nc7 {[%clk 1:15:44]}  Kc5 {[%clk 0:08:25]} 47. Kd3 {[%clk 1:14:00]}  Nc8 {[%clk 0:08:11]} 48. Ke4 {[%clk 1:11:28]}  Kb6 {[%clk 0:08:22]} 49. Nd5+ {[%clk 1:11:18]}  Kxb5 {[%clk 0:08:35]} 50. c7 {[%clk 1:11:37]}  Kc6 {[%clk 0:08:55]} 51. Ke5 {[%clk 1:11:41]}  Nd6 {[%clk 0:08:44]} 52. Ke6 {[%clk 1:11:54]}  Nc8 {[%clk 0:09:00]} 53. Ne7+ {[%clk 1:11:59]} 1-0

[Event "45th FIDE Chess Olympiad Open"]
[Site "Budapest, Hungary"]
[Date "2024.09.22"]
[Round "11"]
[White "Mosa, Hamad"]
[Black "Kebede , Yoseph Kifle"]
[Result "0-1"]
[Board "263"]
[WhiteFideId "11203242"]
[BlackFideId "15708063"]
[WhiteElo "1721"]
[BlackElo "2037"]
[WhiteTeam "Bahrain"]
[BlackTeam "Ethiopia"]
[WhiteClock "0:26:24"]
[BlackClock "1:14:32"]
[Variant "Standard"]

1. e4 {[%clk 1:30:58]}  c5 {[%clk 1:30:32]} 2. Nf3 {[%clk 1:31:23]}  e6 {[%clk 1:30:41]} 3. d4 {[%clk 1:31:28]}  cxd4 {[%clk 1:31:05]} 4. Nxd4 {[%clk 1:31:53]}  a6 {[%clk 1:31:10]} 5. c4 {[%clk 1:32:13]}  Qc7 {[%clk 1:31:24]} 6. Nc3 {[%clk 1:32:15]}  Nf6 {[%clk 1:31:39]} 7. Nc2 {[%clk 1:29:45]}  b6 {[%clk 1:29:05]} 8. g3 {[%clk 1:29:10]}  Bb7 {[%clk 1:29:20]} 9. Qe2 {[%clk 1:28:01]}  d6 {[%clk 1:28:31]} 10. Bg2 {[%clk 1:28:09]}  Nbd7 {[%clk 1:28:36]} 11. Bf4 {[%clk 1:26:08]}  Rc8 {[%clk 1:27:29]} 12. Ne3 {[%clk 1:22:31]}  h6 {[%clk 1:27:02]} 13. g4 {[%clk 1:22:13]}  Ne5 {[%clk 1:26:41]} 14. Bxe5 {[%clk 1:17:29]}  dxe5 {[%clk 1:27:03]} 15. a3 {[%clk 1:16:29]}  Be7 {[%clk 1:26:50]} 16. O-O {[%clk 1:15:44]}  Nd7 {[%clk 1:26:45]} 17. b4 {[%clk 1:15:47]}  Nf8 {[%clk 1:26:50]} 18. Rfd1 {[%clk 1:12:32]}  Ng6 {[%clk 1:26:52]} 19. Nf5 {[%clk 1:07:32]}  exf5 {[%clk 1:25:38]} 20. Nd5 {[%clk 1:04:22]}  Bxd5 {[%clk 1:25:00]} 21. exd5 {[%clk 1:04:05]}  Nf4 {[%clk 1:24:42]} 22. Qd2 {[%clk 1:03:32]}  Bd6 {[%clk 1:24:37]} 23. gxf5 {[%clk 1:02:55]}  Qxc4 {[%clk 1:24:23]} 24. Bf3 {[%clk 1:02:19]}  O-O {[%clk 1:24:25]} 25. Qe3 {[%clk 1:00:49]}  Qc7 {[%clk 1:24:20]} 26. Rac1 {[%clk 1:00:55]}  Qb7 {[%clk 1:24:30]} 27. Rc6 {[%clk 1:00:47]}  Rxc6 {[%clk 1:23:55]} 28. dxc6 {[%clk 1:01:10]}  Qc7 {[%clk 1:24:15]} 29. a4 {[%clk 0:56:17]}  Rd8 {[%clk 1:23:14]} 30. b5 {[%clk 0:54:34]}  axb5 {[%clk 1:20:31]} 31. axb5 {[%clk 0:54:38]}  Bc5 {[%clk 1:19:54]} 32. Qb3 {[%clk 0:52:21]}  Qe7 {[%clk 1:17:27]} 33. Qa4 {[%clk 0:43:14]}  Qh4 {[%clk 1:16:07]} 34. Rxd8+ {[%clk 0:43:14]}  Qxd8 {[%clk 1:16:29]} 35. Qa2 {[%clk 0:32:47]}  Qd3 {[%clk 1:13:31]} 36. c7 {[%clk 0:30:20]}  Qxf3 {[%clk 1:13:52]} 37. c8=Q+ {[%clk 0:30:42]}  Kh7 {[%clk 1:14:16]} 38. Qc6 {[%clk 0:26:24]}  Qd1# {[%clk 1:14:32]} 0-1

[Event "45th FIDE Chess Olympiad Open"]
[Site "Budapest, Hungary"]
[Date "2024.09.22"]
[Round "11"]
[White "Shiferaw, Yalemzewde Mekonnen"]
[Black "Shaker, Musab"]
[Result "1-0"]
[Board "264"]
[WhiteFideId "15700470"]
[BlackFideId "11201789"]
[WhiteElo "2025"]
[BlackElo "1757"]
[WhiteTeam "Ethiopia"]
[BlackTeam "Bahrain"]
[WhiteClock "0:35:31"]
[BlackClock "0:32:09"]
[Variant "Standard"]

1. d4 {[%clk 1:30:56]}  Nf6 {[%clk 1:30:55]} 2. c4 {[%clk 1:31:16]}  e6 {[%clk 1:31:20]} 3. Nf3 {[%clk 1:31:33]}  d5 {[%clk 1:31:43]} 4. g3 {[%clk 1:31:43]}  c6 {[%clk 1:32:02]} 5. Bg2 {[%clk 1:31:53]}  Bd6 {[%clk 1:32:16]} 6. Nc3 {[%clk 1:30:54]}  Nbd7 {[%clk 1:32:30]} 7. O-O {[%clk 1:30:58]}  O-O {[%clk 1:32:32]} 8. Bg5 {[%clk 1:25:28]}  h6 {[%clk 1:31:34]} 9. Bxf6 {[%clk 1:25:50]}  Nxf6 {[%clk 1:31:38]} 10. Qc2 {[%clk 1:25:57]}  b6 {[%clk 1:22:36]} 11. e4 {[%clk 1:22:56]}  dxe4 {[%clk 1:22:28]} 12. Nxe4 {[%clk 1:23:15]}  Nxe4 {[%clk 1:22:06]} 13. Qxe4 {[%clk 1:23:36]}  Bb7 {[%clk 1:21:45]} 14. Rfd1 {[%clk 1:16:34]}  Rb8 {[%clk 1:08:38]} 15. c5 {[%clk 1:12:16]}  Be7 {[%clk 1:03:07]} 16. b4 {[%clk 1:10:59]}  Qc7 {[%clk 1:00:45]} 17. Ne5 {[%clk 1:07:07]}  Rfc8 {[%clk 0:53:27]} 18. Rd3 {[%clk 1:01:18]}  a5 {[%clk 0:42:47]} 19. cxb6 {[%clk 0:41:48]}  Qxb6 {[%clk 0:38:20]} 20. Nd7 {[%clk 0:38:38]}  Qxb4 {[%clk 0:37:28]} 21. Rb3 {[%clk 0:38:05]}  Qd2 {[%clk 0:34:04]} 22. Nxb8 {[%clk 0:37:45]}  Rxb8 {[%clk 0:34:13]} 23. Qe5 {[%clk 0:37:54]}  Rd8 {[%clk 0:32:58]} 24. Rxb7 {[%clk 0:36:22]}  Bf6 {[%clk 0:33:10]} 25. Qc7 {[%clk 0:35:56]}  Qxd4 {[%clk 0:32:22]} 26. Qxf7+ {[%clk 0:35:36]}  Kh8 {[%clk 0:32:42]} 27. Rab1 {[%clk 0:35:46]}  Qd2 {[%clk 0:32:09]} 28. Rb8 {[%clk 0:35:31]} 1-0

[Event "45th FIDE Chess Olympiad Open"]
[Site "Budapest, Hungary"]
[Date "2024.09.22"]
[Round "11"]
[White "Hemam, Moulaye Brahim"]
[Black "Kao, Jamison Edrich"]
[Result "0-1"]
[Board "265"]
[WhiteFideId "19600054"]
[BlackFideId "6007937"]
[WhiteTitle "CM"]
[BlackTitle "CM"]
[WhiteElo "1977"]
[BlackElo "2125"]
[WhiteTeam "Mauritania"]
[BlackTeam "Hong Kong, China"]
[WhiteClock "0:07:49"]
[BlackClock "0:12:48"]
[Variant "Standard"]

1. d4 {[%clk 1:30:54]}  Nf6 {[%clk 1:30:58]} 2. Nf3 {[%clk 1:30:59]}  g6 {[%clk 1:31:25]} 3. g3 {[%clk 1:30:56]}  Bg7 {[%clk 1:31:51]} 4. Bg2 {[%clk 1:31:19]}  O-O {[%clk 1:32:19]} 5. O-O {[%clk 1:31:44]}  d6 {[%clk 1:32:48]} 6. c4 {[%clk 1:31:50]}  Nc6 {[%clk 1:33:14]} 7. h3 {[%clk 1:31:14]}  e5 {[%clk 1:33:26]} 8. d5 {[%clk 1:30:16]}  Nb8 {[%clk 1:28:48]} 9. Nc3 {[%clk 1:30:27]}  a5 {[%clk 1:29:14]} 10. a4 {[%clk 1:30:36]}  Na6 {[%clk 1:29:35]} 11. e4 {[%clk 1:30:43]}  Nc5 {[%clk 1:21:43]} 12. Ne1 {[%clk 1:29:38]}  Nfd7 {[%clk 1:21:55]} 13. Nd3 {[%clk 1:29:20]}  f5 {[%clk 1:20:57]} 14. Nxc5 {[%clk 1:23:17]}  Nxc5 {[%clk 1:21:18]} 15. f3 {[%clk 1:23:34]}  f4 {[%clk 1:14:30]} 16. g4 {[%clk 1:23:06]}  Bf6 {[%clk 1:12:59]} 17. b3 {[%clk 1:21:58]}  Rf7 {[%clk 1:09:41]} 18. Ba3 {[%clk 1:20:50]}  Bd7 {[%clk 1:08:20]} 19. Bxc5 {[%clk 1:20:01]}  dxc5 {[%clk 1:08:46]} 20. Kf2 {[%clk 1:19:04]}  Qe7 {[%clk 1:07:09]} 21. Ke2 {[%clk 1:18:01]}  Ra6 {[%clk 1:05:22]} 22. Qd2 {[%clk 1:10:49]}  Bh4 {[%clk 1:04:06]} 23. Kd3 {[%clk 1:10:07]}  Kf8 {[%clk 1:04:12]} 24. Kc2 {[%clk 1:10:21]}  Ke8 {[%clk 1:04:31]} 25. Rad1 {[%clk 1:08:56]}  Kd8 {[%clk 1:04:13]} 26. Rh1 {[%clk 1:08:45]}  Kc8 {[%clk 1:04:31]} 27. Bf1 {[%clk 1:08:57]}  Kb8 {[%clk 1:04:43]} 28. Bd3 {[%clk 1:09:13]}  Rf8 {[%clk 1:01:03]} 29. Rh2 {[%clk 1:09:18]}  Rd8 {[%clk 1:01:22]} 30. Rg2 {[%clk 1:06:04]}  h6 {[%clk 0:58:19]} 31. Rdg1 {[%clk 1:05:35]}  Rf6 {[%clk 0:58:32]} 32. Bf1 {[%clk 1:04:12]}  Rh8 {[%clk 0:58:33]} 33. Ne2 {[%clk 1:01:36]}  b6 {[%clk 0:58:50]} 34. Rh1 {[%clk 0:50:07]}  Rf7 {[%clk 0:59:11]} 35. Nc1 {[%clk 0:48:48]}  Bg3 {[%clk 0:44:05]} 36. Nd3 {[%clk 0:48:14]}  h5 {[%clk 0:44:13]} 37. Qc3 {[%clk 0:44:29]}  Re8 {[%clk 0:31:32]} 38. Rgg1 {[%clk 0:43:41]}  Kc8 {[%clk 0:29:34]} 39. Bg2 {[%clk 0:43:37]}  Rh7 {[%clk 0:29:52]} 40. Qa1 {[%clk 0:43:40]}  Kd8 {[%clk 0:29:52]} 41. Kd2 {[%clk 0:43:07]}  Bc8 {[%clk 0:29:43]} 42. Ke2 {[%clk 0:43:08]}  Kd7 {[%clk 0:29:46]} 43. Qf1 {[%clk 0:38:56]}  Kd6 {[%clk 0:29:46]} 44. Kd2 {[%clk 0:38:52]}  Qf6 {[%clk 0:28:09]} 45. Nc1 {[%clk 0:38:22]}  Qh4 {[%clk 0:27:44]} 46. Nd3 {[%clk 0:38:43]}  Rd7 {[%clk 0:26:04]} 47. Ke2 {[%clk 0:38:36]}  Rf7 {[%clk 0:21:46]} 48. Qa1 {[%clk 0:38:48]}  Ba6 {[%clk 0:21:49]} 49. Rd1 {[%clk 0:38:59]}  Qf6 {[%clk 0:21:45]} 50. Qb2 {[%clk 0:38:49]}  Bb7 {[%clk 0:20:22]} 51. Qc3 {[%clk 0:38:28]}  Kd7 {[%clk 0:20:28]} 52. Qb2 {[%clk 0:38:13]}  Kc8 {[%clk 0:20:55]} 53. Qc3 {[%clk 0:38:35]}  Kb8 {[%clk 0:21:14]} 54. Qb2 {[%clk 0:38:50]}  Rd7 {[%clk 0:21:38]} 55. Qc3 {[%clk 0:38:28]}  Ka7 {[%clk 0:22:02]} 56. Qb2 {[%clk 0:37:23]}  Ree7 {[%clk 0:22:22]} 57. Qc3 {[%clk 0:35:27]}  Qh8 {[%clk 0:22:43]} 58. Qb2 {[%clk 0:35:06]}  Qe8 {[%clk 0:22:59]} 59. Qc3 {[%clk 0:34:48]}  Ka8 {[%clk 0:23:05]} 60. Nxc5 {[%clk 0:32:38]}  bxc5 {[%clk 0:23:19]} 61. Qxa5+ {[%clk 0:32:59]}  Kb8 {[%clk 0:23:43]} 62. Qxc5 {[%clk 0:33:23]}  Rf7 {[%clk 0:16:53]} 63. Qb5 {[%clk 0:31:57]}  Rde7 {[%clk 0:13:15]} 64. Qa5 {[%clk 0:20:42]}  Rf6 {[%clk 0:10:11]} 65. c5 {[%clk 0:20:34]}  Ra6 {[%clk 0:09:22]} 66. Qb4 {[%clk 0:20:36]}  c6 {[%clk 0:09:33]} 67. d6 {[%clk 0:19:57]}  Rg7 {[%clk 0:08:30]} 68. Kd2 {[%clk 0:19:55]}  Qd8 {[%clk 0:07:26]} 69. Kc2 {[%clk 0:19:43]}  Bf2 {[%clk 0:07:13]} 70. Qc3 {[%clk 0:16:37]}  Ra5 {[%clk 0:01:46]} 71. b4 {[%clk 0:16:13]}  Rxa4 {[%clk 0:02:12]} 72. Qxe5 {[%clk 0:16:28]}  Rd7 {[%clk 0:02:20]} 73. Qb2 {[%clk 0:16:21]}  Qg8 {[%clk 0:02:08]} 74. Ra1 {[%clk 0:16:08]}  Qc4+ {[%clk 0:02:01]} 75. Qc3 {[%clk 0:15:38]}  Rxb4 {[%clk 0:02:06]} 76. Rhd1 {[%clk 0:13:04]}  Bxc5 {[%clk 0:00:45]} 77. e5 {[%clk 0:12:42]}  Bc8 {[%clk 0:23:25]} 78. Bf1 {[%clk 0:39:29]}  Qxc3+ {[%clk 0:23:18]} 79. Kxc3 {[%clk 0:39:48]}  Rdb7 {[%clk 0:18:45]} 80. Bc4 {[%clk 0:39:43]}  Be3 {[%clk 0:18:33]} 81. e6 {[%clk 0:39:27]}  Rxc4+ {[%clk 0:18:52]} 82. Kxc4 {[%clk 0:39:49]}  Bxe6+ {[%clk 0:19:20]} 83. Kc3 {[%clk 0:39:41]}  h4 {[%clk 0:17:30]} 84. Ra5 {[%clk 0:37:41]}  Bd5 {[%clk 0:14:55]} 85. Rda1 {[%clk 0:37:58]}  Kc8 {[%clk 0:15:03]} 86. Ra8+ {[%clk 0:38:11]}  Kd7 {[%clk 0:15:26]} 87. Rh8 {[%clk 0:37:57]}  Kxd6 {[%clk 0:15:26]} 88. Rh6 {[%clk 0:29:50]}  Bxf3 {[%clk 0:13:17]} 89. Rxg6+ {[%clk 0:30:10]}  Kc5 {[%clk 0:13:20]} 90. Ra5+ {[%clk 0:26:57]}  Kb6 {[%clk 0:13:37]} 91. Rh5 {[%clk 0:26:23]}  Bg2 {[%clk 0:13:15]} 92. Re6 {[%clk 0:24:04]}  Rd7 {[%clk 0:12:44]} 93. Rhh6 {[%clk 0:22:02]}  Bd4+ {[%clk 0:12:59]} 94. Kc2 {[%clk 0:19:34]}  Bd5 {[%clk 0:13:04]} 95. Re1 {[%clk 0:09:56]}  f3 {[%clk 0:13:15]} 96. Kd3 {[%clk 0:10:10]}  Bf2 {[%clk 0:12:39]} 97. Rf1 {[%clk 0:08:06]}  Bg3 {[%clk 0:12:36]} 98. Rf6 {[%clk 0:08:28]}  f2 {[%clk 0:12:34]} 99. R1xf2 {[%clk 0:07:25]}  Bxf2 {[%clk 0:12:58]} 100. Rxf2 {[%clk 0:07:49]}  Rf7 {[%clk 0:12:48]} 0-1

[Event "45th FIDE Chess Olympiad Open"]
[Site "Budapest, Hungary"]
[Date "2024.09.22"]
[Round "11"]
[White "Lam, Daniel King Wai"]
[Black "Abdellahi Khaled Abdellahi"]
[Result "1-0"]
[Board "266"]
[WhiteFideId "6001238"]
[BlackFideId "19604416"]
[WhiteTitle "FM"]
[WhiteElo "2088"]
[BlackElo "1894"]
[WhiteTeam "Hong Kong, China"]
[BlackTeam "Mauritania"]
[WhiteClock "0:32:17"]
[BlackClock "0:06:28"]
[Variant "Standard"]

1. e4 {[%clk 1:30:56]}  c5 {[%clk 1:30:52]} 2. Nf3 {[%clk 1:31:25]}  Nc6 {[%clk 1:31:15]} 3. d4 {[%clk 1:31:53]}  cxd4 {[%clk 1:31:38]} 4. Nxd4 {[%clk 1:32:20]}  g6 {[%clk 1:31:58]} 5. c4 {[%clk 1:32:43]}  Nf6 {[%clk 1:32:14]} 6. Nc3 {[%clk 1:33:05]}  d6 {[%clk 1:32:38]} 7. f3 {[%clk 1:33:18]}  Nxd4 {[%clk 1:32:55]} 8. Qxd4 {[%clk 1:33:44]}  Bg7 {[%clk 1:33:15]} 9. Be3 {[%clk 1:34:09]}  O-O {[%clk 1:33:39]} 10. Qd2 {[%clk 1:34:37]}  a5 {[%clk 1:33:36]} 11. b3 {[%clk 1:34:30]}  a4 {[%clk 1:26:03]} 12. b4 {[%clk 1:34:59]}  Be6 {[%clk 1:26:06]} 13. Rc1 {[%clk 1:33:52]}  Nd7 {[%clk 1:25:02]} 14. Nd5 {[%clk 1:29:59]}  Bxd5 {[%clk 1:22:05]} 15. cxd5 {[%clk 1:29:46]}  f5 {[%clk 1:10:22]} 16. exf5 {[%clk 1:29:07]}  Rxf5 {[%clk 1:09:14]} 17. Bd3 {[%clk 1:29:25]}  Rf8 {[%clk 1:09:37]} 18. a3 {[%clk 1:21:24]}  Ne5 {[%clk 1:03:52]} 19. Be2 {[%clk 1:21:54]}  Qd7 {[%clk 1:03:34]} 20. O-O {[%clk 1:20:47]}  Rac8 {[%clk 0:59:26]} 21. f4 {[%clk 1:13:28]}  Ng4 {[%clk 0:57:07]} 22. Bd4 {[%clk 1:13:05]}  Rxc1 {[%clk 0:48:22]} 23. Rxc1 {[%clk 1:13:25]}  Bxd4+ {[%clk 0:47:33]} 24. Qxd4 {[%clk 1:13:53]}  Rc8 {[%clk 0:48:01]} 25. Re1 {[%clk 0:58:33]}  e5 {[%clk 0:35:52]} 26. dxe6 {[%clk 0:56:09]}  Qxe6 {[%clk 0:35:42]} 27. Qd2 {[%clk 0:49:08]}  Nf6 {[%clk 0:16:39]} 28. Bf3 {[%clk 0:49:16]}  Qd7 {[%clk 0:16:58]} 29. h3 {[%clk 0:45:52]}  d5 {[%clk 0:16:37]} 30. Qd4 {[%clk 0:44:54]}  Qd6 {[%clk 0:16:29]} 31. Rd1 {[%clk 0:42:38]}  Rd8 {[%clk 0:14:51]} 32. g4 {[%clk 0:34:47]}  g5 {[%clk 0:11:18]} 33. Kg2 {[%clk 0:35:00]}  h6 {[%clk 0:07:14]} 34. fxg5 {[%clk 0:34:23]}  hxg5 {[%clk 0:07:42]} 35. Qe3 {[%clk 0:34:18]}  Rc8 {[%clk 0:05:43]} 36. Qxg5+ {[%clk 0:34:21]}  Kf7 {[%clk 0:06:06]} 37. Qf5 {[%clk 0:33:33]}  Qe6 {[%clk 0:06:25]} 38. Bxd5 {[%clk 0:32:08]}  Qxd5+ {[%clk 0:06:28]} 39. Rxd5 {[%clk 0:32:17]} 1-0

[Event "45th FIDE Chess Olympiad Open"]
[Site "Budapest, Hungary"]
[Date "2024.09.22"]
[Round "11"]
[White "Cheikhna, Mohamed Lemine"]
[Black "Chan, Pui Yin Brandon"]
[Result "0-1"]
[Board "267"]
[WhiteFideId "19600151"]
[BlackFideId "6006647"]
[WhiteElo "1884"]
[BlackElo "2016"]
[WhiteTeam "Mauritania"]
[BlackTeam "Hong Kong, China"]
[WhiteClock "0:37:28"]
[BlackClock "0:33:22"]
[Variant "Standard"]

1. e4 {[%clk 1:29:13]}  c5 {[%clk 1:30:51]} 2. Nf3 {[%clk 1:29:31]}  Nc6 {[%clk 1:31:17]} 3. d3 {[%clk 1:29:35]}  g6 {[%clk 1:29:43]} 4. g3 {[%clk 1:29:45]}  Bg7 {[%clk 1:29:29]} 5. Bg2 {[%clk 1:30:06]}  e6 {[%clk 1:28:15]} 6. O-O {[%clk 1:29:34]}  Nge7 {[%clk 1:26:40]} 7. Re1 {[%clk 1:28:55]}  O-O {[%clk 1:25:11]} 8. c3 {[%clk 1:27:23]}  d6 {[%clk 1:04:53]} 9. Nbd2 {[%clk 1:27:34]}  e5 {[%clk 1:04:15]} 10. Nf1 {[%clk 1:22:38]}  d5 {[%clk 0:58:42]} 11. Qc2 {[%clk 1:20:31]}  d4 {[%clk 0:55:21]} 12. cxd4 {[%clk 1:14:49]}  cxd4 {[%clk 0:54:26]} 13. Bd2 {[%clk 1:07:47]}  h6 {[%clk 0:54:19]} 14. Qc1 {[%clk 1:07:26]}  Kh7 {[%clk 0:52:45]} 15. Nh4 {[%clk 0:54:50]}  Ng8 {[%clk 0:42:13]} 16. h3 {[%clk 0:52:12]}  Be6 {[%clk 0:42:10]} 17. Nh2 {[%clk 0:51:08]}  Qd7 {[%clk 0:37:15]} 18. g4 {[%clk 0:51:06]}  Qe7 {[%clk 0:36:25]} 19. N2f3 {[%clk 0:46:26]}  Rac8 {[%clk 0:36:23]} 20. g5 {[%clk 0:45:57]}  Nb4 {[%clk 0:34:46]} 21. Qb1 {[%clk 0:39:45]}  Nc2 {[%clk 0:33:29]} 22. gxh6 {[%clk 0:37:28]}  Bf6 {[%clk 0:33:22]} 0-1